Environmentálne škodlivé dotácie a aktivity OECD
Vplyv environmentálnych škodlivých dotácii na ekonomické aktivity a životné prostredie. Povaha a druh dotácií. Definície prírodného, sociálneho a ľudského kapitálu. Vytváranie medzinárodnej chudoby a dosahy na životné prostredie. Meranie environmentálne škodlivých dotácií v OECD.
Uložené v:
| Hlavný autor: | |
|---|---|
| Médium: | Kapitola |
| Jazyk: | Slovak |
| Predmet: | |
| Tagy: |
Žiadne tagy, Buďte prvý, kto otaguje tento záznam!
|
MARC
| LEADER | 00000naa a2200000 4500 | ||
|---|---|---|---|
| 001 | r048154 | ||
| 005 | 20230925123133.9 | ||
| 041 | 0 | |a slo | |
| 044 | |a SK | ||
| 245 | 1 | 0 | |a Environmentálne škodlivé dotácie a aktivity OECD |c Martin Szentivány |
| 520 | |a Vplyv environmentálnych škodlivých dotácii na ekonomické aktivity a životné prostredie. Povaha a druh dotácií. Definície prírodného, sociálneho a ľudského kapitálu. Vytváranie medzinárodnej chudoby a dosahy na životné prostredie. Meranie environmentálne škodlivých dotácií v OECD. | ||
| 610 | 2 | 0 | |a rozvoj trvalo udržateľný |
| 610 | 2 | 0 | |a dotácie |
| 610 | 2 | 0 | |a environmentalistika |
| 610 | 2 | 0 | |a prostredie životné |
| 610 | 2 | 0 | |a chudoba |
| 610 | 2 | 0 | |a kapitál ľudský |
| 610 | 2 | 0 | |a svet |
| 610 | 2 | 0 | |a OECD |
| 100 | 1 | |a Szentivány, Martin | |